000 00812nam a2200229Ia 4500
003 IN-BaIIA
008 211028s9999 xx 000 0 eng d
020 _a3-540-57081-0
040 _cIIA Library
080 _a048.1:52/92-56B
245 0 _aAstronomy and astrophysics abstracts
_bvol. 56B, pt. 2, literature 1992
_cedited by Burkhardt, G….[et al.]
260 _aBerlin
_bSpringer-Verlag
_c1992
300 _ax, 747-1602p.
650 _aAbstracts-Astronomy and Astrophysics
_96051
650 _aAstronomy and Astrophysics Abstracts
_96052
650 _aAstronomy and Astrophysics Thesaurus
700 _aBurkhardt, G., ed.
700 _aEsser, U., ed.
_915486
700 _aHefele, H., ed.
_912355
700 _aHeinrich, I., ed.
_912356
942 _cBK
999 _c10874
_d10874